<?xml version="1.0" encoding="UTF-8"?>
<record
    xmlns:xsi="http://www.w3.org/2001/XMLSchema-instance"
    xsi:schemaLocation="http://www.loc.gov/MARC21/slim http://www.loc.gov/standards/marcxml/schema/MARC21slim.xsd"
    xmlns="http://www.loc.gov/MARC21/slim">

  <leader>01623ngm a22003257a 4500</leader>
  <controlfield tag="005">20160804093401.0</controlfield>
  <controlfield tag="007">vc aa  ak</controlfield>
  <controlfield tag="008">160804t2008    mx 027|| |||| s0| mle   d</controlfield>
  <datafield tag="028" ind1=" " ind2=" ">
    <subfield code="a">502228130895</subfield>
  </datafield>
  <datafield tag="050" ind1="0" ind2="4">
    <subfield code="a">PN1995.9.M463 </subfield>
    <subfield code="b">S46 2008</subfield>
  </datafield>
  <datafield tag="245" ind1="0" ind2="0">
    <subfield code="a">Sentimiento de impotencia </subfield>
    <subfield code="b">:  la depresi&#xF3;n </subfield>
    <subfield code="c">/  gui&#xF3;n, Sherry Rauh ; productor, Karl Perdue</subfield>
    <subfield code="h">[videograbaci&#xF3;n]</subfield>
  </datafield>
  <datafield tag="246" ind1="2" ind2="1">
    <subfield code="a">Diagnosing depression</subfield>
    <subfield code="h">[videograbaci&#xF3;n]</subfield>
  </datafield>
  <datafield tag="260" ind1=" " ind2=" ">
    <subfield code="a">M&#xE9;xico :</subfield>
    <subfield code="b">Discovery Digital Tecnologies;</subfield>
    <subfield code="c">2008</subfield>
  </datafield>
  <datafield tag="300" ind1=" " ind2=" ">
    <subfield code="a">1 DVD (27 min.) </subfield>
    <subfield code="b">sonido., color. </subfield>
    <subfield code="c">4 3/4 plg.</subfield>
  </datafield>
  <datafield tag="490" ind1="0" ind2=" ">
    <subfield code="a">Mente sana, cuerpo sano </subfield>
    <subfield code="v">Salud y bienestar</subfield>
  </datafield>
  <datafield tag="490" ind1="0" ind2=" ">
    <subfield code="a">Viviendo una vida saludable</subfield>
  </datafield>
  <datafield tag="500" ind1=" " ind2=" ">
    <subfield code="a"> Documental</subfield>
  </datafield>
  <datafield tag="500" ind1=" " ind2=" ">
    <subfield code="a">Producci&#xF3;n original: Information Television Network. Powering Communications</subfield>
  </datafield>
  <datafield tag="508" ind1=" " ind2=" ">
    <subfield code="a">gui&#xF3;n, Sherry Rauh ; productor, Karl Perdue</subfield>
  </datafield>
  <datafield tag="511" ind1=" " ind2=" ">
    <subfield code="a"> Presentador Carlos Pag&#xE1;n</subfield>
  </datafield>
  <datafield tag="520" ind1=" " ind2=" ">
    <subfield code="a"> "Inhabilidad de control ante la vida es el resultado de una depresi&#xF3;n que afecta a miles de personas, pero que por fortuna, pueden someterse a nuevos tratamientos que dar&#xE1;n mejor resultado. Conozca los testimonios de personas que su vida entera han sufrido con este problema, pero que gracias a los tratamientos su estilo de vida ha mejorado y ganado mayor calidad."--Envase</subfield>
  </datafield>
  <datafield tag="521" ind1=" " ind2=" ">
    <subfield code="a"> Clasificaci&#xF3;n: A (8 a&#xF1;os en adelante)</subfield>
  </datafield>
  <datafield tag="538" ind1=" " ind2=" ">
    <subfield code="a"> DVD ; Regi&#xF3;n 1 y 4 ; fullscreen ; Dolby Digital, stereo 2.0</subfield>
  </datafield>
  <datafield tag="546" ind1=" " ind2=" ">
    <subfield code="a"> En Espa&#xF1;ol e Ingl&#xE9;s</subfield>
  </datafield>
  <datafield tag="650" ind1="0" ind2="4">
    <subfield code="a">Depresi&#xF3;n mental</subfield>
  </datafield>
  <datafield tag="700" ind1="1" ind2=" ">
    <subfield code="a">Rauh, Sherry</subfield>
    <subfield code="e">gui&#xF3;n</subfield>
  </datafield>
  <datafield tag="700" ind1="1" ind2=" ">
    <subfield code="a">Perdue, Karl</subfield>
    <subfield code="e">productor</subfield>
  </datafield>
  <datafield tag="700" ind1="1" ind2=" ">
    <subfield code="a">Pag&#xE1;n, Carlos</subfield>
    <subfield code="e">Presentador</subfield>
  </datafield>
  <datafield tag="942" ind1=" " ind2=" ">
    <subfield code="2">lcc</subfield>
    <subfield code="c">PEL</subfield>
  </datafield>
  <datafield tag="999" ind1=" " ind2=" ">
    <subfield code="c">118825</subfield>
    <subfield code="d">118825</subfield>
  </datafield>
  <datafield tag="952" ind1=" " ind2=" ">
    <subfield code="0">0</subfield>
    <subfield code="1">0</subfield>
    <subfield code="2">lcc</subfield>
    <subfield code="4">0</subfield>
    <subfield code="7">0</subfield>
    <subfield code="a">LIC-047</subfield>
    <subfield code="b">LIC-047</subfield>
    <subfield code="c">MA</subfield>
    <subfield code="d">2016-08-04</subfield>
    <subfield code="h">VBFP000168</subfield>
    <subfield code="o">PN1995.9.M463 S46 2008</subfield>
    <subfield code="p">VBFP000168</subfield>
    <subfield code="r">2016-08-04 00:00:00</subfield>
    <subfield code="t">1</subfield>
    <subfield code="w">2016-08-04</subfield>
    <subfield code="y">PEL</subfield>
  </datafield>
</record>
